|
|
|
|
| LEADER |
00000nam a2200000 a 4500 |
| 001 |
vtls001465862 |
| 003 |
SK-MaSNL |
| 005 |
20260302073250.0 |
| 008 |
240314s2003 xo a slo |
| 015 |
|
|
|a SNBA2004/09-05258
|
| 020 |
|
|
|a 8089003443
|
| 035 |
|
|
|a SNK000421167
|
| 035 |
|
|
|a urn:nbn:sk:snk-amybbk
|
| 035 |
|
|
|a urn:nbn:sk:snk-am00c8p9
|
| 035 |
|
|
|a 3AC63BA8-DDDF-4236-9B98-D170D4378533
|
| 040 |
|
|
|a SNK
|b slo
|c SNK
|e AACR2
|
| 041 |
0 |
|
|a slo
|
| 044 |
|
|
|a xo
|c SK
|
| 072 |
|
7 |
|a 57/59
|x Biologické vedy
|2 konspekt
|
| 080 |
|
|
|a 37.016:67(075.2)(076.5)
|2 2. slo
|
| 080 |
|
|
|a 57.081.1
|2 1981
|
| 080 |
|
|
|a (075.2)
|2 1981
|
| 080 |
|
|
|a (076.1)
|2 1981
|
| 080 |
|
|
|a (041)
|2 1981
|
| 100 |
1 |
|
|a Rašlová, Milina
|4 aut
|9 65850
|
| 245 |
1 |
0 |
|a Prírodopis pre 9. ročník špeciálnych základných škôl. Pracovný zošit
|c Milina Rašlová ; [ilustrácie Vladimír Vanko, Daniela Moravčíková]
|
| 250 |
|
|
|a 1. vyd.
|
| 260 |
|
|
|a Bratislava
|b Expol pedagogika
|c 2003
|
| 300 |
|
|
|a 39 s.
|b ilustr.
|c 29 cm
|
| 650 |
0 |
7 |
|a prírodopis
|x učebnice špec. zákl. škôl (9. roč.)
|x zošity pracovné
|2 SNK
|9 737469
|
| 650 |
0 |
7 |
|a prírodopis
|2 SNK
|9 3586
|
| 655 |
|
7 |
|a učebnice
|2 SNK
|9 22521
|
| 655 |
|
7 |
|a učebnice špeciálnych základných škôl
|2 SNK
|9 70204
|
| 655 |
|
7 |
|a pracovné zošity
|2 SNK
|9 70188
|
| 655 |
|
7 |
|a brožúry
|2 SNK
|9 70146
|
| 700 |
1 |
|
|a Vanko, Vladimír
|c (ilustrátor)
|4 ill
|9 219458
|
| 700 |
1 |
|
|a Moravčíková, Daniela
|4 ill
|9 340669
|
| 919 |
|
|
|a 80-89003-44-3
|
| 968 |
|
|
|d 37
|
| 999 |
|
|
|c 1160137
|d 1162067
|
| 952 |
|
|
|t P60, <03>, [BOOK], {603}
|a SNK
|b SNK
|y PREZ
|7 0
|p 17A0408435
|o snkSB 67817
|i snkKSP 190/2004
|0 0
|1 0
|4 0
|d 2004-01-09
|f 1
|l 0
|r 2025-04-16 00:00:00
|w 2026-02-24
|